Catálogo

Vista normal Vista MARC

Entrada Personal Name

Número de registros utilizados en: 1

001 - CONTROL NUMBER

  • control field: 3814

003 - CONTROL NUMBER IDENTIFIER

  • control field: DLC

005 - DATE AND TIME OF LATEST TRANSACTION

  • control field: 20250328092107.0

008 - FIXED-LENGTH DATA ELEMENTS

  • fixed length control field: 870303n| acannaabn |a aaa

010 ## - LIBRARY OF CONGRESS CONTROL NUMBER

  • LC control number: n 86031638

035 ## - SYSTEM CONTROL NUMBER

  • System control number: (OCoLC)oca01800295

040 ## - CATALOGING SOURCE

  • Original cataloging agency: DLC
  • Language of cataloging: spa
  • Transcribing agency: Mx-PuUPA
  • Modifying agency: DLC
  • Modifying agency: OCoLC
  • Modifying agency: Mx-PuUPA
  • Description conventions: rda

100 1# - HEADING--PERSONAL NAME

  • Personal name: Bertrán Quera, Miguel,

374 ## - OCCUPATION

  • Occupation: Autor

375 ## - GENDER

  • Gender: hombre

377 ## - ASSOCIATED LANGUAGE

  • Language code: spa

400 1# - SEE FROM TRACING--PERSONAL NAME

  • Personal name: Quera, Miguel Bertrán,

670 ## - SOURCE DATA FOUND

  • Source citation: His La pedagogía de los Jesuitas en la Ratio studiorum, 1984:
  • Information found: t.p. (Dr. Miguel Bertrán-Quera, SJ.)

670 ## - SOURCE DATA FOUND

  • Source citation: LC data base, 2/21/87
  • Information found: (MLC hdg.: Bertrán Quera, Miguel; usage: Miguel Bertrán Quera)